• 首页
  • 本馆介绍
  • 公告通知
  • 最新文献
  • 馆藏检索
  • 电子资源
  • 读者导购
  • 参考咨询
  • 我的图书馆
  • 登录
  • 详细信息显示
  • 放入我的书架
  • 预约/预借图书
  • 作者相关作品
  • 分类相关作品
  • 丛书相关作品
  • 出版社相关作品

书目信息

  • 表格格式
  • 工作单格式
  • 卡片格式
题名:
机械零件
    
 
作者: ;北京钢铁学院 编
分册: 上册  
出版信息: 北京   人民教育出版社  1979.9
页数: 234页
开本: 26cm
丛书名:
单 册:
中图分类: TH13
科图分类:
主题词: 机械元件 , 机械传动装置
电子资源:
ISBN:
000 00581nam0 2200217 45
001 0312221749
005 20060820152922.45
010    @dCNY1.25
091    @a15012.0205
100    @a20031222d1979 km y0chiy0120 ea
101    @achi
200 1  @a机械零件@h上册@AJi Xie Ling Jian@f北京钢铁学院编@FBei Jing Gang Tie Xue Yuan Bian
210    @a北京@c人民教育出版社@d1979.9
215    @a234页@d26cm
300    @a高等学校试用教材
606 0  @a机械元件
606 0  @a机械传动装置
690    @aTH13@v3
711 02 @a北京钢铁学院@4编
801    @aCN@bTSTCL@c20060820
905    @dTH13@e19:1
    
    机械零件.上册/北京钢铁学院编.-北京:人民教育出版社,1979.9
    234页;26cm
    高等学校试用教材
    
    ISBN :CNY1.25
    
●
相关链接 在E读中查询图书 在五车中查询图书 在当当中查询图书 在豆瓣中查询图书


正题名:机械零件     索取号:TH13/19:1         预约/预借

序号 登录号 条形码 馆藏地/架位号 状态 备注
1 0073494   001365454   第二样本阅览室/ [索取号:TH13/19:1] 在馆    
2 0073495   202273128   密集书库/ [索取号:TH13/19:1] 在馆    
3 0073496   001365187   第三借阅区/ [索取号:TH13/19:1] 在馆    
4 0073497   202273137   密集书库/ [索取号:TH13/19:1] 在馆    
5 0470437   204704374   密集书库/ [索取号:TH13/19:1] 在馆    
6 0470438   204704383   密集书库/ [索取号:TH13/19:1] 在馆    
唐山师范学院图书馆 欢迎您!
大连网信软件有限公司© 版权所有